[Event "Sochi ChessAmateur op"]
[Site "Sochi"]
[Date "2018.04.01"]
[Round "1"]
[White "Kuryshkin, Anatoliy"]
[Black "Talanin, Andrei"]
[Result "1-0"]
[WhiteElo "1962"]
[BlackElo "2267"]
[PlyCount "41"]
[EventDate "2018.04.01"]
[EventType "swiss"]
[EventRounds "9"]
[EventCountry "RUS"]
[SourceTitle "CBM 184 Extra"]
[Source "ChessBase"]
[SourceDate "2018.06.28"]
[SourceVersion "1"]
[SourceVersionDate "2018.06.28"]
[SourceQuality "1"]

1. e4 d5 2. exd5 Qxd5 3. Nc3 Qd8 4. d4 Nf6 5. Nf3 Bg4 6. h3 Bh5 7. g4 Bg6 8. Ne5 Nbd7 9. Nxg6 hxg6 10. Bg2 c6 11. d5 cxd5 12. Nxd5 Rb8 13. 0-0 Nxd5 14. Qxd5 e6 15. Re1 Qc7 16. Qd4 Bc5 17. Qxg7 Rxh3 18. Rxe6+ fxe6 19. Qxg6+ Kd8 20. Bg5+ Be7 21. Qg8+ 1-0

[Event "RUS-chT rapid"]
[Site "Sochi"]
[Date "2015.05.09"]
[Round "8.35"]
[White "Bocharov, Ivan"]
[Black "Talanin, Andrei"]
[Result "1-0"]
[WhiteElo "2489"]
[BlackElo "2279"]
[PlyCount "55"]
[EventDate "2015.05.08"]
[EventType "team-swiss"]
[EventRounds "9"]
[EventCountry "RUS"]
[SourceTitle "CBM 166 Extra"]
[Source "ChessBase"]
[SourceDate "2015.06.18"]
[SourceVersion "1"]
[SourceVersionDate "2015.06.18"]
[SourceQuality "1"]
[WhiteTeam "Krasnoyarsk 56 parallel"]
[BlackTeam "Kstovo Volga"]
[WhiteTeamCountry "RUS"]
[BlackTeamCountry "RUS"]

1. f4 d5 2. Nf3 Nf6 3. g3 Bf5 4. Bg2 e6 5. 0-0 Be7 6. d3 h6 7. Nc3 Nbd7 8. Qe1 Nc5 9. Be3 0-0 10. Bd4 Na6 11. e4 Bg4 12. exd5 exd5 13. Ne5 Bf5 14. g4 Bxg4 15. Nxd5 Nxd5 16. Nxg4 Bc5 17. Nxh6+ Kh7 18. Nf5 Re8 19. Qf2 Bxd4 20. Qxd4 Nf6 21. Bxb7 Qxd4+ 22. Nxd4 Rad8 23. Nc6 Rd6 24. Bxa6 Re2 25. d4 Rd2 26. Bd3+ g6 27. Ne5 Rxd4 28. Nf3 1-0

[Event "RUS-chT2"]
[Site "Sochi"]
[Date "2015.05.06"]
[Round "6.10"]
[White "Talanin, Andrei"]
[Black "Shandrygin, Nikita"]
[Result "0-1"]
[WhiteElo "2279"]
[BlackElo "2169"]
[PlyCount "80"]
[EventDate "2015.05.01"]
[EventType "team-swiss"]
[EventRounds "7"]
[EventCountry "RUS"]
[SourceTitle "CBM 166 Extra"]
[Source "ChessBase"]
[SourceDate "2015.06.18"]
[SourceVersion "1"]
[SourceVersionDate "2015.06.18"]
[SourceQuality "1"]
[WhiteTeam "Kstovo Volga"]
[BlackTeam "Vladikavkaz Caucasus"]
[WhiteTeamCountry "RUS"]
[BlackTeamCountry "RUS"]

1. d4 Nf6 2. Nf3 g6 3. g3 Bg7 4. Bg2 0-0 5. 0-0 d5 6. Bf4 c6 7. Nbd2 Nbd7 8. c4 Nh5 9. cxd5 Nxf4 10. gxf4 cxd5 11. Rc1 Nf6 12. e3 Qb6 13. Qb3 Bf5 14. Qa3 Rfc8 15. Nb3 Bf8 16. Nc5 Be4 17. Rc3 e6 18. Rfc1 Qd8 19. Qb3 b6 20. Na6 Bd6 21. a3 h6 22. Nd2 Bxg2 23. Kxg2 g5 24. fxg5 hxg5 25. Qc2 Rxc3 26. Qxc3 Qe7 27. Qc6 Rd8 28. Nc7 g4 29. Nb5 Bb8 30. Nc3 Kg7 31. Ne2 Nh5 32. Nf1 Qh4 33. Ng1 Rh8 34. Qb7 Nf6 35. Rc8 Ne4 36. Rxh8 Qxf2+ 37. Kh1 Qxf1 38. Rg8+ Kxg8 39. Qxb8+ Kh7 40. h3 g3 0-1

[Event "Moscow op"]
[Site "Moscow"]
[Date "1995.??.??"]
[Round "1"]
[White "Talanin, Andrei"]
[Black "Kuporosov, Viktor"]
[Result "0-1"]
[WhiteElo "2285"]
[BlackElo "2500"]
[PlyCount "136"]
[EventDate "1995.??.??"]
[EventType "swiss"]
[EventRounds "9"]
[EventCountry "RUS"]
[SourceTitle "EXT 2000"]
[Source "ChessBase"]
[SourceDate "1999.11.16"]
[SourceVersion "1"]
[SourceVersionDate "1999.11.16"]
[SourceQuality "1"]

1. d4 Nf6 2. c4 c6 3. Nf3 d5 4. Nc3 dxc4 5. a4 Bf5 6. e3 e6 7. Bxc4 Bb4 8. 0-0 0-0 9. h3 Nbd7 10. Nh4 Bg6 11. Nxg6 hxg6 12. Qb3 Qb6 13. Rd1 Rfd8 14. Bd2 a5 15. Be1 Qc7 16. Rac1 Nb6 17. Be2 Rd7 18. Bf3 Rad8 19. e4 Nc8 20. d5 Qe5 21. dxe6 fxe6 22. Rxd7 Rxd7 23. Be2 Kf7 24. Qc2 g5 25. g3 Ne7 26. Bf3 Ng6 27. Rd1 Nf8 28. Bg2 Rxd1 29. Qxd1 N8d7 30. Bd2 Bc5 31. Qf3 Bd4 32. Kh2 Nc5 33. Qe2 g6 34. f4 gxf4 35. Bxf4 Qh5 36. g4 Qh8 37. g5 Nh5 38. Qf3 Ke7 39. Bc7 Be5+ 40. Bxe5 Qxe5+ 41. Kg1 Qxg5 42. Kh1 Qc1+ 43. Bf1 Qxf1+ 44. Qxf1 Ng3+ 45. Kg2 Nxf1 46. Kxf1 Kf6 47. Ke2 Kg5 48. Kf3 e5 49. Kg3 Kh5 50. h4 Nd3 51. Nd1 b5 52. Nc3 b4 53. Nd1 Nc5 54. Nf2 g5 55. hxg5 Kxg5 56. Kf3 Nxa4 57. Nd3 Kf6 58. Ke3 Nb6 59. b3 Nd7 60. Kd2 Ke6 61. Ke3 Kd6 62. Nb2 Kc5 63. Kd3 Nb6 64. Ke3 Kb5 65. Nd3 Nd7 66. Kd2 a4 67. bxa4+ Kxa4 68. Kc2 c5 0-1

[Event "Kstovo op"]
[Site "Kstovo"]
[Date "1994.??.??"]
[Round "8"]
[White "Talanin, Andrei"]
[Black "Balashov, Yuri S"]
[Result "1/2-1/2"]
[WhiteElo "2260"]
[BlackElo "2505"]
[PlyCount "49"]
[EventDate "1994.08.??"]
[EventType "swiss"]
[EventRounds "9"]
[EventCountry "RUS"]
[SourceTitle "CBM 042 Extra"]
[Source "ChessBase"]
[SourceDate "1994.11.01"]
[SourceVersion "1"]
[SourceVersionDate "1994.11.01"]
[SourceQuality "1"]

1. d4 Nf6 2. c4 g6 3. Nf3 Bg7 4. g3 0-0 5. Bg2 d6 6. 0-0 Nc6 7. Nc3 Bd7 8. h3 Qc8 9. Kh2 Re8 10. e4 e5 11. Be3 exd4 12. Nxd4 h5 13. f4 a6 14. Qd2 Rb8 15. Rae1 Qd8 16. b3 Nxd4 17. Bxd4 c5 18. Bf2 Bc6 19. Rd1 Nxe4 20. Nxe4 Bxe4 21. Bxe4 Rxe4 22. Bxc5 b5 23. Qxd6 Qxd6 24. Bxd6 Rc8 25. Rfe1 1/2-1/2

[Event "Kstovo op"]
[Site "Kstovo"]
[Date "1994.??.??"]
[Round "4"]
[White "Talanin, Andrei"]
[Black "Korotylev, Alexey"]
[Result "1-0"]
[WhiteElo "2260"]
[BlackElo "2430"]
[PlyCount "89"]
[EventDate "1994.08.??"]
[EventType "swiss"]
[EventRounds "9"]
[EventCountry "RUS"]
[SourceTitle "CBM 042 Extra"]
[Source "ChessBase"]
[SourceDate "1994.11.01"]
[SourceVersion "1"]
[SourceVersionDate "1994.11.01"]
[SourceQuality "1"]

1. d4 g6 2. c4 Bg7 3. Nf3 d6 4. g3 e5 5. dxe5 dxe5 6. Qxd8+ Kxd8 7. Bg2 f6 8. 0-0 c6 9. Rd1+ Kc7 10. b4 Be6 11. c5 Ne7 12. e4 a5 13. b5 cxb5 14. Nc3 Bd7 15. Rb1 b4 16. Nd5+ Nxd5 17. exd5 Na6 18. d6+ Kd8 19. Be3 Rc8 20. Rbc1 Ba4 21. Rd2 Bc6 22. d7 Ra8 23. Rd6 Kc7 24. Nd2 Bxg2 25. Kxg2 Rad8 26. Nc4 Rxd7 27. Rb6 Ra8 28. Nd6 Kd8 29. Nxb7+ Ke7 30. Nxa5 Nc7 31. Nc6+ Kf7 32. Nxb4 Rc8 33. c6 Re7 34. Bc5 Ree8 35. Rb7 Kg8 36. Bb6 Ne6 37. c7 f5 38. Nd5 e4 39. Ba5 Be5 40. Rc6 Nd4 41. Rc4 Ne6 42. Bb6 f4 43. gxf4 Nxf4+ 44. Nxf4 Bxf4 45. a4 1-0